Conflicts by Picture - Statistics

General Stats
  • This quiz has been taken 111 times
  • The average score is 10 of 20
Answer Stats
Picture Answer % Correct
Napoleonic Wars
90%
American Civil War
79%
World War I
79%
Vietnam War
70%
American Revolution
67%
Vandals sack {Rome}
66%
War of 1812
63%
Battle of {Hastings}
61%
French Revolution
56%
Korean War
50%
Second Punic War
48%
Battle of {Thermopylae}
42%
Haitian Revolution
38%
Second Boer War
35%
{Boxer} Rebellion
34%
Crusades
34%
Gallic Wars
33%
{Mongolian} Invasion of Hungary
24%
Trojan War
24%
Russian Revolution
12%
No matching quizzes found
Score Distribution
Percent of People with Each Score
Percentile by Number Answered
Your Score History
You have not taken this quiz